| 000 | 00787nam a22002537a 4500 | ||
|---|---|---|---|
| 999 |
_c4146 _d4146 |
||
| 003 | AR-CdUCM | ||
| 008 | 190308b ||||| |||| 00| 0 spa d | ||
| 040 |
_aMUNICIPALIDAD PROVINCIAL DEL CUSCO _cBIBLIOTECA MUNICIPAL DEL CUSCO |
||
| 041 | _hkor | ||
| 082 |
_a779 / _bP99 |
||
| 110 |
_aPyongyang rpd de Corea _913147 |
||
| 245 | _aFiestas de la nación / | ||
| 260 |
_aCorea : _bRevista ilustrada "Corea", _c1992. |
||
| 300 |
_a224 pagina ; _bIlustraciones en color, _c28 cm. |
||
| 500 | _aDonación de la Familia Nieto | ||
| 505 | _aFotografías de Corea | ||
| 650 |
_aFotografias _913148 |
||
| 650 |
_aCorea _91036 |
||
| 650 |
_aCultura _9126 |
||
| 700 |
_aChun Man, Ri (Traductor) _913149 |
||
| 700 |
_aJong Hwi, Choe (Traductor) _913150 |
||
| 942 |
_2ddc _cLIBROS |
||
| 945 | _awnts | ||